Grandes espacios : casas pequeñas /

Texto relativo al reto que supone construir una gran obra arquitectónica en un espacio reducido, ejemplificándolo con numerosos casos de viviendas de arquitectos y lugares muy diversos.

Guardado en:
書目詳細資料
主要作者: González, Daniel (idea original)
其他作者: Broto, Carles (edición) (edición)
格式: 圖書
語言:西班牙语
主題:
標簽: 添加標簽
沒有標簽, 成為第一個標記此記錄!

MARC

LEADER 00000nam^a2200000^a^4500
001 000181789
005 20250521000000.0
009 20260310101942.943
020 |a 84-933669-6-X 
037 |a Acervo ITESO - Biblioteca 
041 |a ESP 
082 |a 728.  |b GON 
100 |a González, Daniel  |e (idea original) 
245 1 0 |a Grandes espacios :  |b casas pequeñas /  |c Idea original de D. González ; ed. de C. Broto. 
264 |a Barcelona, España :  |b Structure,  |c copyright fecha no identificada 
300 |a 253 p. 
336 |a texto  |b txt  |2 rdacontenido 
337 |a sin mediación  |b n  |2 rdamedio 
338 |a volumen  |b nc  |2 rdasoporte 
520 |a Texto relativo al reto que supone construir una gran obra arquitectónica en un espacio reducido, ejemplificándolo con numerosos casos de viviendas de arquitectos y lugares muy diversos. 
649 |a XX 
650 |a Espacios Pequeños -  |x Tema Principal 
650 |a Residencias -  |x Tema Principal 
650 |a Vivienda 
650 |a Arquitectura 
650 |a Arte 
700 |a Broto, Carles  |e (edición) 
910 |a Fondo General 
920 |a Impresos - Libros 
930 |a Reserva Especial 
905 |a 103 
901 |a 0500121367  |b IT1  |c REE  |u 20250521 
902 |a https://opac.biblio.iteso.mx/vufind/Record/000181789